IMF Survey, Volume 33, Issue 13.

After serving for three years as the first director of the IMF's Independent Evaluation Office (IEO), Montek Singh Ahluwalia, an Indian national, left the IEO to take up a cabinet-level position as Deputy Chair of India's Planning Commission, which is chaired by the Prime Minister. Christi...

ver descrição completa

Detalhes bibliográficos
Autor Corporativo: International Monetary Fund. External Relations Dept
Formato: Periódico
Idioma:English
Publicado em: Washington, D.C. : International Monetary Fund, 2004.
coleção:IMF Survey; IMF Survey ; No. 0033/013
Acesso em linha:Full text available on IMF
LEADER 01383cas a2200241 a 4500
001 AALejournalIMF010335
008 230101c9999 xx r poo 0 0eng d
020 |c 5.00 USD 
020 |z 9781451968583 
022 |a 0047-083X 
040 |a BD-DhAAL  |c BD-DhAAL 
110 2 |a International Monetary Fund.  |b External Relations Dept. 
245 1 0 |a IMF Survey, Volume 33, Issue 13. 
264 1 |a Washington, D.C. :  |b International Monetary Fund,  |c 2004. 
300 |a 1 online resource (16 pages) 
490 1 |a IMF Survey 
500 |a <strong>Off-Campus Access:</strong> No User ID or Password Required 
500 |a <strong>On-Campus Access:</strong> No User ID or Password Required 
506 |a Electronic access restricted to authorized BRAC University faculty, staff and students 
520 3 |a After serving for three years as the first director of the IMF's Independent Evaluation Office (IEO), Montek Singh Ahluwalia, an Indian national, left the IEO to take up a cabinet-level position as Deputy Chair of India's Planning Commission, which is chaired by the Prime Minister. Christine Ebrahim-zadeh of the IMF Survey spoke with him about his experience at the IEO. 
538 |a Mode of access: Internet 
830 0 |a IMF Survey; IMF Survey ;  |v No. 0033/013 
856 4 0 |z Full text available on IMF  |u http://elibrary.imf.org/view/journals/023/0033/013/023.0033.issue-013-en.xml  |z IMF e-Library